Performance of household solid waste compost on the growth and yield of stem amaranth (amaranthus cruentus l.) / (Record no. 16393)

MARC details
000 -LEADER
fixed length control field 01197nam a22002657a 4500
001 - CONTROL NUMBER
control field BD-DhSAU 9278
003 - CONTROL NUMBER IDENTIFIER
control field BD-DhSAU
005 - DATE AND TIME OF LATEST TRANSACTION
control field 20221215114620.0
008 - FIXED-LENGTH DATA ELEMENTS--GENERAL INFORMATION
fixed length control field 150613b2018 bg a|||| m||| 00| 0 eng d
040 ## - CATALOGING SOURCE
Original cataloging agency BD-DhSAU
082 ## - DEWEY DECIMAL CLASSIFICATION NUMBER
Edition number 22
Classification number 63439
Item number H7949
100 ## - MAIN ENTRY--PERSONAL NAME
Personal name HOSSAIN, MD. SHAHADAT
Relator term Registration No. # 14-06270
245 ## - TITLE STATEMENT
Title Performance of household solid waste compost on the<br/>growth and yield of stem amaranth (amaranthus cruentus l.) /<br/>
Remainder of title MS thesis
260 ## - PUBLICATION, DISTRIBUTION, ETC. (IMPRINT)
Place of publication, distribution, etc. Sher-e-Bangla Agricultural University :
Name of publisher, distributor, etc. Department of Agroforestry and Environmental Science,
Date of publication, distribution, etc. 2021
300 ## - PHYSICAL DESCRIPTION
Extent vii, 50p. :
Other physical details ill. ;
Dimensions 30 cm.
500 ## - GENERAL NOTE
General note MS thesis of Department of Agroforestry and Environmental Science, Faculty of Agriculture, Sher-e-Bangla Agricultural University, Dhaka, Bangladesh
504 ## - BIBLIOGRAPHY, ETC. NOTE
Bibliography, etc Includes bibliographical reference.
590 ## - Name of Cataloguer
Name of Cataloger Nazmul
650 ## - SUBJECT ADDED ENTRY--TOPICAL TERM
Topical term or geographic name as entry element household solid waste compost
650 ## - SUBJECT ADDED ENTRY--TOPICAL TERM
Topical term or geographic name as entry element stem amaranth (amaranthus cruentus l.)
700 ## - ADDED ENTRY--PERSONAL NAME
Personal name Assist. Prof. Abdul Halim
Relator term Superviser
700 ## - ADDED ENTRY--PERSONAL NAME
Personal name Prof. Dr. Md. Forhad Hossain
Relator term Co-superviser
856 ## - ELECTRONIC LOCATION AND ACCESS
Uniform Resource Identifier <a href="http://archive.saulibrary.edu.bd:8080/xmlui/handle/123456789/4668">http://archive.saulibrary.edu.bd:8080/xmlui/handle/123456789/4668</a>
942 ## - ADDED ENTRY ELEMENTS (KOHA)
Source of classification or shelving scheme Dewey Decimal Classification
Koha item type MS Level Thesis
Holdings
Withdrawn status Lost status Source of classification or shelving scheme Damaged status Not for loan Collection code Home library Branch Name Date acquired Total Checkouts Full call number Barcode Date last seen Price effective from Koha item type
    Dewey Decimal Classification   Not For Loan Reference SAU Library SAU Library 15/12/2022   63439 H7949 44316 15/12/2022 15/12/2022 MS Level Thesis